| 000 | 01632cam a22003251i 4500 | ||
|---|---|---|---|
| 003 | SA-RiAUC | ||
| 005 | 20241209054930.0 | ||
| 008 | 241202s2016____su g b f001 0dara c | ||
| 020 | _a9786038032794 | ||
| 040 |
_aSA-JuJU _bara _cSA-RiAUC _erda |
||
| 082 | 0 | 4 |
_a233 _qSA-RiAUC |
| 090 |
_a233 _bج ل ا |
||
| 100 | 1 |
_aالجلال السيوطي، عبد الرحمن بن أبي بكر بن محمد، _d849-911 هجري _eمؤلف. |
|
| 245 | 1 | 0 |
_aأنشاب الكثب في أنساب الكتب : _bفهرست مرويات السيوطي / _cتأليف جلال الدين عبد الرحمن بن أبي بكر السيوطي ؛ تحقيق إبراهيم باجس عبد المجيد. |
| 250 | _aالطبعة الأولى. | ||
| 264 | 1 |
_aالرياض : _bمركز الملك فيصل للبحوث والدراسات الإسلامية، _c2016 |
|
| 300 |
_a641 صفحة ؛ _c24 سم. |
||
| 336 |
_aنص _btxt _2rdacontent _3كتاب |
||
| 337 |
_aبدون وسيط _bn _2rdamedia |
||
| 338 |
_aمجلد _bnc _2rdacarrier |
||
| 490 | 1 |
_aتحقيق التراث ؛ _v31 |
|
| 500 | _aكشافات : صفحة 545-641. | ||
| 504 | _aببليوجرافية : صفحة 535-542. | ||
| 600 | 1 | 7 |
_aالجلال السيوطي، عبد الرحمن بن أبي بكر بن محمد، _d849-911 هجري _xحديث _2aucnm |
| 650 | 7 |
_aالحديث _xرواية _2aucsh |
|
| 700 | 1 |
_aعبد المجيد، إبراهيم باجس _eمحقق. |
|
| 830 | 0 |
_aتحقيق التراث (مركز الملك فيصل للبحوث والدراسات الإسلامية) _v31 |
|
| 942 |
_2ddc _cBOOK _n0 |
||
| 949 |
_aSA-JeALM _d241202 _uosman123 _n1 |
||
| 999 |
_c3144 _d3144 |
||